000 00359nam a2200145Ia 4500
008 191201s2009 xx 000 0 und d
082 _a381.410917
_bHAR
100 _aHABEEB-UR-RAHMAN, K.S
245 0 _aRural marketing in India
250 _aRep
260 _aN.Delhi
_bHimalaya Publication House
_c2009
300 _a225
650 _aMBA
942 _2ddc
_cBK
999 _c4292
_d4292